Normal view MARC view

Entry Corporate Name

Number of records used in: 3

001 - CONTROL NUMBER

  • control field: 2101

003 - CONTROL NUMBER IDENTIFIER

  • control field: OSt

005 - DATE AND TIME OF LATEST TRANSACTION

  • control field: 20110428131155.0

008 - FIXED-LENGTH DATA ELEMENTS

  • fixed length control field: 110428|||a|||||| | ||| d

040 ## - CATALOGING SOURCE

  • Original cataloging agency: OSt
  • Transcribing agency: OSt

110 ## - HEADING--CORPORATE NAME

  • Corporate name or jurisdiction name as entry element: International Criminal court

670 ## - SOURCE DATA FOUND

  • Source citation: Work cat.: (OSt): International Criminal court, Rule of Procedure and Evidence /, 2005